000 00722nam a22002057a 4500
003 BD-DhJNU
005 20250902043436.0
008 250902b |||||||| |||| 00| 0 eng d
020 _a0393024717
040 _aBD-DhJNU
_bENG
_cBD-DhJNU
_dBD-DhJNU
082 _223
_a916.76 WAS
100 _aWatteville, Vivienne De
245 _aSpeak to the earth :
_bwanderings and reflections among elephants and mountains /
_cVivienne de Watteville
260 _aLondon :
_bMethuen,
_c1986.
300 _axxxviii, 329p., [8] p. :
_bill. ;
_c22 cm.
490 _aA Methuen paperback
650 _aDe Watteville, Vivienne
_xTravel
_zKenya
650 _a Kenya, Africa
_xDescription and travel
_z20th century
942 _2ddc
_cBK
_n0
999 _c2062
_d2062